Latin names explained : a guide to the scientific classification of reptiles, birds and mammals
Αποθηκεύτηκε σε:
| Κύριος συγγραφέας: | |
|---|---|
| Μορφή: | Βιβλίο |
| Γλώσσα: | English |
| Δημοσίευση: |
London :
Blandford Press,
c1995
|
| Θέματα: | |
| Ετικέτες: |
Προσθήκη ετικέτας
Δεν υπάρχουν, Καταχωρήστε ετικέτα πρώτοι!
|
MARC
| LEADER | 00000nam a2200000 i 4500 | ||
|---|---|---|---|
| 001 | 1/86130 | ||
| 008 | 990712s1995 eng d | ||
| 020 | |a 0-7137-2565-6 | ||
| 035 | |l 10052009 | ||
| 040 | |a GR-MY-UA |b gre |e aacr | ||
| 041 | 0 | |a eng | |
| 082 | 0 | |a 596.014 | |
| 100 | 1 | |a Gotch, A. F. |q (Arthur Frederick) | |
| 245 | 1 | 0 | |a Latin names explained : |b a guide to the scientific classification of reptiles, birds and mammals / |c A.F. Gotch |
| 260 | |a London : |b Blandford Press, |c c1995 | ||
| 300 | |a 714 p. | ||
| 504 | |a Includes bibliographical references and indexes | ||
| 650 | 0 | 0 | |a Reptiles |x Nomenclature. |
| 650 | 0 | 0 | |a Birds |x Nomenclature. |
| 650 | 0 | 0 | |a Mammals |x Nomenclature (Popular) |
| 852 | |a INST |b LESVOS |e 19990712 |h 596.014 GOT |p 005100019929 |q 005100019929 |t REF |y 23 | ||
| 901 | |a BIBL1-1999-2 | ||
| 909 | |a Λ |b 062722 | ||
| 922 | |a 1ΕΛΗ |b 199812 |c ΚΠΣ/ΚΥΒ |d LEADER | ||
| 950 | |a 023-1998-09-14 | ||
| 970 | |a ΤΖΑΦΕΡΗ |b ΕΥΑΓΓΕΛΙΑ |z 1999/07/12 | ||